| 000 | 00757nam a2200217 a 4500 | ||
|---|---|---|---|
| 001 | 000047406 | ||
| 005 | 20201002060526.0 | ||
| 008 | 180515s20uu dr 000 spa d | ||
| 020 | _a9806412508 | ||
| 040 |
_aDO-SdBNP _bspa _cBNPHU |
||
| 082 |
_axx _bxx |
||
| 100 | 1 |
_aPazos, Manuel _975044 |
|
| 245 | 0 | 0 |
_aQué rápido aprendo computación 1 / _cManuel Pazos ; corrección de textos María Henríqueta Gallegos. |
| 260 |
_aSanto Domingo : _bActualidad escolar,., _c[200-?]. |
||
| 300 |
_a112 p. : _bils. ; _c28 cm. |
||
| 490 | 1 | _aActualidad escolar 2000 | |
| 590 | _aInventariado, 2019/VM | ||
| 700 | 1 |
_aHenríqueta Gallegos, María _975045 |
|
| 710 | 2 |
_aActualidad escolar 2000(República Dominicana) _975046 |
|
| 830 | 0 |
_aActualidad escolar 2000 _975043 |
|
| 999 |
_c46894 _d46894 |
||